| 000 | 00507nam a2200169 a 4500 | ||
|---|---|---|---|
| 005 | 20140310183528.0 | ||
| 008 | 111001s19uu xx 00 eng d | ||
| 020 | _a9789713703897 | ||
| 050 |
_aTR 267.5.A3 _b.C912 2011 |
||
| 245 |
_aVisual guide creative design CS5 / _cJemma Development Group. |
||
| 260 |
_aPhilippines : _bJemma Information Technology Resource, _c2011. |
||
| 300 |
_a291 p. : _bill. ; _c24 cm. |
||
| 521 | _aMA | ||
| 650 | _aComputer graphics | ||
| 942 |
_cBK _2lcc _kFOR |
||
| 999 |
_c24562 _d24562 |
||